বাংলাদেশের ভূমিরাজস্ব ব্যবস্থা / (Record no. 76223)
[ view plain ]
| 000 -LEADER | |
|---|---|
| fixed length control field | 01319nam a2200277 a 4500 |
| 001 - CONTROL NUMBER | |
| control field | 76223 |
| 003 - CONTROL NUMBER IDENTIFIER | |
| rucl marc code | BD-RjUL |
| 005 - DATE AND TIME OF LATEST TRANSACTION | |
| control field | 20211209082818.0 |
| 008 - FIXED-LENGTH DATA ELEMENTS--GENERAL INFORMATION | |
| fixed length control field | 160417s2001 bg ||||| b||| 00| 0 ben d |
| 020 ## - INTERNATIONAL STANDARD BOOK NUMBER | |
| International Standard Book Number | 9844102073 (V-1) |
| International Standard Book Number | 9844102987 (V-2) |
| International Standard Book Number | 9844103061 (V-3) |
| 035 ## - SYSTEM CONTROL NUMBER | |
| System control number | (BD-RjUL)76444 |
| 040 ## - CATALOGING SOURCE | |
| Original cataloging agency | BD-RjUL |
| Language of cataloging | ben |
| Transcribing agency | BD-RjUL |
| 041 ## - LANGUAGE CODE | |
| Language code of text/sound track or separate title | ben |
| 082 ## - DEWEY DECIMAL CLASSIFICATION NUMBER | |
| Edition number | 23 |
| Classification number | 331.763095492 |
| Author mark and year | ISB |
| 100 ## - MAIN ENTRY--PERSONAL NAME | |
| Personal name | ইসলাম, কাবেদুল |
| 9 (RLIN) | 122494 |
| 245 ## - TITLE STATEMENT | |
| Title | বাংলাদেশের ভূমিরাজস্ব ব্যবস্থা / |
| Statement of responsibility, etc. | কাবেদুল ইসলাম |
| 260 ## - PUBLICATION, DISTRIBUTION, ETC. (IMPRINT) | |
| Place of publication, distribution, etc. | ঢাকা : |
| Name of publisher, distributor, etc. | মাওলা ব্রাদাস, |
| Date of publication, distribution, etc. | ২০১১-২০১২ |
| 300 ## - PHYSICAL DESCRIPTION | |
| Pagination | ২ খন্ড ; |
| Size | ২১ সেমি. |
| 504 ## - BIBLIOGRAPHY, ETC. NOTE | |
| Bibliography, etc | গ্রন্থপঞ্জি |
| 505 0# - FORMATTED CONTENTS NOTE | |
| Formatted contents note | প্রথম খন্ড -(প্রাচীন যুগ থেকে ১৭৬৩ খ্রিস্টাব্দ পযর্ন্ত). দ্বিতীয় খন্ড-(১৭৬৫ থেকে ১৯৪৭ খ্রিস্টাব্দ). তৃতীয় খন্ড-(১৯৪৭ থেকে ২০০০) |
| 650 ## - SUBJECT ADDED ENTRY--TOPICAL TERM | |
| Topical term or geographic name as entry element | Land reform |
| Geographic subdivision | Bangladesh |
| 9 (RLIN) | 122495 |
| Topical term or geographic name as entry element | জমি সংশোধন |
| Geographic subdivision | বাংলাদেশ |
| 9 (RLIN) | 122496 |
| 942 ## - ADDED ENTRY ELEMENTS (KOHA) | |
| Source of classification or shelving scheme | Dewey Decimal Classification |
| Koha item type | Books |
| Lost status | Source of classification or shelving scheme | Damaged status | Not for loan | Permanent Location | Current Location | Shelving location | Date acquired | Source of acquisition | Cost, normal purchase price | Total Checkouts | Full call number | Date last seen | Date checked out | Copy number | Koha item type |
|---|---|---|---|---|---|---|---|---|---|---|---|---|---|---|---|
| Dewey Decimal Classification | Central Library, University of Rajshahi | Central Library, University of Rajshahi | 12/11/2019 | Vidyasagar, Rajshahi | 350.00 | 3 | B 331.763095492 ISB V-2 2002 | 08/07/2025 | 05/05/2025 | C-2 | Books | ||||
| Dewey Decimal Classification | Not For Loan | Central Library, University of Rajshahi | Central Library, University of Rajshahi | Reading Room | 12/11/2019 | Vidyasagar, Rajshahi | 350.00 | B 331.763095492 ISB V-1 2001 | 14/11/2019 | C-1 | Books | ||||
| Dewey Decimal Classification | Not For Loan | Central Library, University of Rajshahi | Central Library, University of Rajshahi | Reading Room | 12/11/2019 | Vidyasagar, Rajshahi | 350.00 | B 331.763095492 ISB V-2 2002 | 14/11/2019 | C-1 | Books | ||||
| Dewey Decimal Classification | Central Library, University of Rajshahi | Central Library, University of Rajshahi | 12/11/2019 | Vidyasagar, Rajshahi | 350.00 | 1 | B 331.763095492 ISB V-1 2001 | 04/04/2022 | 16/03/2022 | C-2 | Books | ||||
| Dewey Decimal Classification | Not For Loan | Central Library, University of Rajshahi | Central Library, University of Rajshahi | Reading Room | 12/11/2019 | Vidyasagar, Rajshahi | 300.00 | B 331.763095492 V-3 ISB 2003 | 14/11/2019 | C-1 | Books | ||||
| Dewey Decimal Classification | Central Library, University of Rajshahi | Central Library, University of Rajshahi | 12/11/2019 | Vidyasagar, Rajshahi | 300.00 | 2 | B 331.763095492 V-3 ISB 2003 | 08/07/2025 | 05/05/2025 | C-2 | Books |